| 000 | 00736nam a2200241 a 4500 | ||
|---|---|---|---|
| 001 | 000023162 | ||
| 005 | 20200930022029.0 | ||
| 008 | 101129s1990 sp r 000 j spa d | ||
| 020 | _a8433912356 | ||
| 040 |
_aDO-SdBNP _bspa _cBNPHU |
||
| 082 |
_a863.64 _bM816m, 1990 |
||
| 100 | 1 |
_aMonzó, Quim _d1952- _947680 |
|
| 245 | 1 | 0 |
_aMelocotón de manzana / _cQuim Monzó ; traducción, Marcelo Cohen. |
| 250 | _a2a ed. | ||
| 260 |
_aBarcelona, (España) : _bAnagrama, _c1990. |
||
| 300 |
_a124, [3] p. ; _c20 cm. |
||
| 490 | 1 |
_aContraseñas _v35 |
|
| 650 | 4 |
_aCuentos españoles _93194 |
|
| 650 | 4 |
_aLiteratura española _ySIGLO XX _93326 |
|
| 700 | 1 |
_aCohen, Marcelo _etr. _947681 |
|
| 830 | 0 |
_aContraseñas ; _v35 _921710 |
|
| 049 | _aBNGR | ||
| 999 |
_c22659 _d22659 |
||